000 00807nam a2200217Ia 4500
003 GCL
008 140319s9999 xx 000 0 ara d
040 _aGCL /
_cGCL
082 0 4 _aق
_b962.054
_bع م
100 1 _aعبدالعظيم رمضان
245 1 0 _aمصر والحرب العالمية الثانية: معركة تجنب مصر ويلات الحرب /
_cعبدالعظيم رمضان
300 _a294 ص
490 _aالهيئة العامة للاستعلامات
_v0
650 0 4 _aمصر
650 0 4 _aالاحوال الاجتماعية
650 0 4 _aالاحوال السياسية
650 0 4 _aمصر - تاريخ
650 0 4 _aالحرب العالمية الثانية 1939 - 1945
650 0 4 _aمصر - تاريخ - العصر الحديث (1805 - 1956 )
942 _2ddc
_cBK
999 _c51778
_d51778